Biggest Cities in Island Countries - Statistics

General Stats
  • This quiz has been taken 124 times
  • The average score is 14 of 20
Answer Stats
Population City % Correct
39,500,000 Tokyo
97%
28,100,000 Jakarta
95%
23,300,000 Manila
95%
14,400,000 London
93%
17,800,000 Osaka
90%
4,900,000 Sydney
87%
4,400,000 Melbourne
82%
6,900,000 Singapore
81%
9,050,000 Taipei
81%
3,000,000 Manchester
79%
3,125,000 Birmingham
76%
4,675,000 Colombo
75%
3,650,000 Santo Domingo
68%
10,400,000 Nagoya
66%
2,900,000 Brisbane
64%
2,850,000 Port-au-Prince
61%
4,700,000 Surabaya
44%
5,950,000 Bandung
43%
3,425,000 Medan
32%
2,800,000 Kaohsiung
20%
No matching quizzes found
Score Distribution
Percent of People with Each Score
Percentile by Number Answered
Your Score History
You have not taken this quiz